书目信息 |
| 题名: |
见证跨世纪重大事件
|
|
| 作者: | 刘建辉 著 | |
| 分册: | ||
| 出版信息: | 北京 人民邮电出版社 2014 |
|
| 页数: | 231页 | |
| 开本: | 23cm | |
| 丛书名: | ||
| 单 册: | ||
| 中图分类: | F632.9 , G262.2-092 | |
| 科图分类: | ||
| 主题词: | 邮票--历史--中国--现代 | |
| 电子资源: | ||
| ISBN: | 978-7-115-35567-6 | |
| 000 | 00969nam0 2200253 450 | |
| 001 | 338416 | |
| 005 | 20150602095738.34 | |
| 010 | @a978-7-115-35567-6@dCNY60.00 | |
| 100 | @a20140807d2014 em y0chiy50 ea | |
| 101 | 0 | @achi |
| 102 | @aCN@b110000 | |
| 105 | @aa z 000yy | |
| 106 | @ar | |
| 200 | 1 | @a见证跨世纪重大事件@Ajian zheng kua shi ji zhong da shi jian@e我亲历的邮票发行与变革@f刘建辉著 |
| 210 | @a北京@c人民邮电出版社@d2014 | |
| 215 | @a231页@c图, 照片@d23cm | |
| 330 | @a本书披露了跨世纪一系列重大题材邮票发行的策划过程及细节, 补充了这一阶段邮票发行的重要史料, 同时对当时世界邮票的发展趋势、集邮业务的经营、邮驿古迹的保护等, 通过文章表达了对上述问题的所思、所想、所悟。 | |
| 517 | 1 | @a我亲历的邮票发行与变革@Awo qin li de you piao fa xing yu bian ge |
| 606 | 0 | @a邮票@x历史@y中国@z现代 |
| 690 | @aF632.9@v5 | |
| 690 | @aG262.2-092@v5 | |
| 701 | 0 | @a刘建辉@Aliu jian hui@c(邮电)@4著 |
| 801 | 0 | @aCN@b卓展宏图@c20150525 |
| 905 | @dF632.9@e6@f4 | |
| 见证跨世纪重大事件:我亲历的邮票发行与变革/刘建辉著.-北京:人民邮电出版社,2014 |
| 231页:图, 照片;23cm |
| ISBN 978-7-115-35567-6:CNY60.00 |
| 本书披露了跨世纪一系列重大题材邮票发行的策划过程及细节, 补充了这一阶段邮票发行的重要史料, 同时对当时世界邮票的发展趋势、集邮业务的经营、邮驿古迹的保护等, 通过文章表达了对上述问题的所思、所想、所悟。 |
| ● |
| 相关链接 |
|
|
|
|
正题名:见证跨世纪重大事件
索取号:F632.9/6
 
预约/预借
| 序号 | 登录号 | 条形码 | 馆藏地/架位号 | 状态 | 备注 |
| 1 | 862095 | 208620955 | 第一样本阅览室/ [索取号:F632.9/6] | 在馆 | |
| 2 | 862096 | 208620964 | 第一借阅区/ [索取号:F632.9/6] | 在馆 | |
| 3 | 862097 | 208620973 | 第一借阅区/ [索取号:F632.9/6] | 在馆 | |
| 4 | 862098 | 208620982 | 密集书库-海洋学院/ [索取号:F632.9/6] | 在馆 |